书目信息 |
| 题名: |
廖承志传
|
|
| 作者: | 铁竹伟 著 | |
| 分册: | ||
| 出版信息: | 北京 人民出版社 1998.10 |
|
| 页数: | 614页 | |
| 开本: | 32开 | |
| 丛书名: | ||
| 单 册: | ||
| 中图分类: | K827 | |
| 科图分类: | ||
| 主题词: | 人物--传记--中国 | |
| 电子资源: | ||
| ISBN: | 7-01-002862-1 | |
| 000 | 00528nam0 2200193 45 | |
| 001 | 0008141569 | |
| 005 | 20000814155548.1 | |
| 010 | @a7-01-002862-1@d26.00元 | |
| 100 | @a20000814d1998 km y0chiy0120 ea | |
| 101 | 0 | @achi |
| 105 | @a z 000yy | |
| 200 | 1 | @a廖承志传@ALiao Cheng Zhi Chuan@f铁竹伟著@FTie Zhu Wei Zhu |
| 210 | @a北京@c人民出版社@d1998.10 | |
| 215 | @a614页@d32开 | |
| 606 | 0 | @a人物@x传记@x中国 |
| 690 | @aK827@v3 | |
| 701 | 0 | @a铁竹伟@4著 |
| 801 | @aCN@bPftUser@c20000814 | |
| 905 | @b105788-790@dK827@eT879@f3 | |
| 廖承志传/铁竹伟著.-北京:人民出版社,1998.10 |
| 614页;32开 |
| ISBN 7-01-002862-1:26.00元 |
| ● |
| 相关链接 |
|
|
|
正题名:廖承志传
索取号:K827/T879
 
预约/预借
| 序号 | 登录号 | 条形码 | 馆藏地/架位号 | 状态 | 备注 |
| 1 | 105788 | 201057881 | 自科二线404/309社科库 57排1列3层/ [索取号:K827/T879] | 在馆 | |
| 2 | 105789 | 201057890 | 自科二线404/309社科库 57排1列3层/ [索取号:K827/T879] | 在馆 | |
| 3 | 105790 | 201057907 | 社科库309/309社科库 57排1列4层/ [索取号:K827/T879] | 在馆 |